LDR 00913naa#a2200205#i#450# 001 RU\\bibl\119463 005 20260512124446.2 011 ## _a2500-4026 100 ## _a20171229b2017####ek#y0rusy0150####ca 101 0# _aRUS 102 ## _aRU 200 1# _aАКТУАЛЬНЫЕ ВОПРОСЫ РАЗВИТИЯ ТЕХНОЛОГИЙ ПРИМЕНЕНИЯ БЕСПИЛОТНОЙ АВИАЦИИ ДЛЯ РЕШЕНИЯ ЗАДАЧ МЧС РОССИИ _eЖурнальная статья 210 1# _aЖелезногорск _cФГБОУ ВО Сибирская пожарно-спасательная академия ГПС МЧС России _d2017 215 ## _a4 с. 608 ## _aЖурнальная статья _2local 675 ## _aбеспилотные. 623.746.-519 _zRUS 700 #1 _aМельник _gА А 700 #1 _aХисамутдинов _gР М 700 #1 _aГапоненко _gМ В 856 4# _avestnik-sibpsa.editorum.ru _u